Global Outlook on Financing for Sustainable Development 2019 Time to Face the Challenge

Uložené v:
Podrobná bibliografia
Médium: Kniha
Jazyk:English
Vydavateľské údaje: Paris OECD 2018
Predmet:
Tagy: Pridať tag
Žiadne tagy, Buďte prvý, kto otaguje tento záznam!

MARC

LEADER 00000nam a2200000 4500
001 0257583
005 20221220065554.2
020 |a 978-92-64-30797-1 
020 |a 978-92-64-30799-5 
041 0 |a eng 
044 |a FR 
245 1 0 |a Global Outlook on Financing for Sustainable Development 2019  |b Time to Face the Challenge 
264 1 |a Paris  |b OECD  |c 2018 
300 |a 339 s. 
610 2 0 |a rozvoj trvalo udržateľný 
610 2 0 |a financovanie 
610 2 0 |a rozvoj hospodársky 
610 2 0 |a politika hospodárska 
610 2 0 |a investície priame zahraničné 
610 2 0 |a vláda 
610 2 0 |a domácnosti 
610 2 0 |a udržateľnosť fiškálna